000 00686nam a2200277Ia 4500
005 20260121125623.0
008 008 260114s9999 xx 000 0 eng d
020 _a9781955055314
037 _aEBOOK
040 _aCRL
040 _beng
040 _cCRL
041 _2eng
041 _aeng
084 _qCRL
100 _aPrunckun, Henry
_9996063
245 0 _aTerrorism and Counterterrorism
260 _bWalter de Gruyter
260 _bWalter de Gruyter
650 _aPolitical Science
_9996064
700 _a Whitford, Troy
_9996065
856 _uhttp://www.degruyter.com/isbn/9781955055314
942 _cEBOOK
999 _c1563282
_d1563282